Another wave rolls in. (Record no. 14108)

000 -LEADER
fixed length control field 00569nam a2200193 a 4500
001 - CONTROL NUMBER
control field :::00011932$&:&@@
003 - CONTROL NUMBER IDENTIFIER
control field OkBaRHE
005 - DATE AND TIME OF LATEST TRANSACTION
control field 20000607103414.0
008 - FIXED-LENGTH DATA ELEMENTS--GENERAL INFORMATION
fixed length control field s1970 j 000 0 eng u
040 ## - CATALOGING SOURCE
Transcribing agency
100 1# - MAIN ENTRY--PERSONAL NAME
Personal name Bartleman, Frank.
245 10 - TITLE STATEMENT
Title Another wave rolls in.
260 ## - PUBLICATION, DISTRIBUTION, ETC. (IMPRINT)
Place of publication, distribution, etc Northridge, CA., :
Name of publisher, distributor, etc Voice Publications
Date of publication, distribution, etc 1970
300 ## - PHYSICAL DESCRIPTION
Extent 128 p. ;
Dimensions 18 cm.
650 ## - SUBJECT ADDED ENTRY--TOPICAL TERM
Topical term or geographic name as entry element Pentecostalism
650 ## - SUBJECT ADDED ENTRY--TOPICAL TERM
Topical term or geographic name as entry element Revivals
General subdivision Azusa Street
942 ## - ADDED ENTRY ELEMENTS (KOHA)
Source of classification or shelving scheme
Koha item type Books
Copies
Copy number Permanent Location Shelving location Lost status Barcode Damaged status Price effective from Date last seen Withdrawn status Date acquired Koha item type Not for loan Full call number Source of classification or shelving scheme
1RHEMA Bible Training CollegeGeneral Stacks 11932 2010-04-142010-04-14 2010-04-14Books BX 8762 .B3